000 00205 a2200097 4500
001 2444
100 _aBure
245 _aHandbook of Supersonic Aerodynamics
260 _a
_bUS Govt
_c
090 _c1777
_d1777
942 _aNUST-CAE
_cM
_c8635
999 _c237517
_d237517